Clickety Spit! Quiz Stats

Quiz Updated Jan 6, 2015

Challenge
Share
Tweet
Embed
Score 0/20 Timer 00:30
0 Plays Today
% Correct
spitballs
67%
spittle
66.3%
spitfires
66.2%
spittoons
65.9%
spite
64.7%
spitcher
64.2%
spitefulness
64%
spittlebugs
64%
turnspits
63%
bespit
62.9%
% Correct
spitchcocking
62.2%
respite
62.1%
hospitable
61.6%
respites
61.4%
despite
61.3%
inhospitable
58.1%
hospitableness
56.8%
cesspits
56.4%
inhospitality
55.3%
rehospitalized
53.1%

You're not logged in!

Compare scores with friends on all Sporcle quizzes.
Join for Free
OR
Log In

You Might Also Like...

Show Comments

Extras

Top Quizzes Today


Score Distribution

Your Account Isn't Verified!

In order to create a playlist on Sporcle, you need to verify the email address you used during registration. Go to your Sporcle Settings to finish the process.

Report this User

Report this user for behavior that violates our Community Guidelines.

Details: